Systemized orthodontic treatment mechanics / (Record no. 115938)
[ view plain ]
| 000 -LEADER | |
|---|---|
| fixed length control field | 00700cam a22002298a 4500 |
| 008 - FIXED-LENGTH DATA ELEMENTS--GENERAL INFORMATION | |
| fixed length control field | |
| 020 ## - INTERNATIONAL STANDARD BOOK NUMBER | |
| International Standard Book Number | 072343171X (hbk.) |
| 049 ## - LOCAL HOLDINGS (OCLC) | |
| Holding library | MAIN |
| 090 ## - LOCALLY ASSIGNED LC-TYPE CALL NUMBER (OCLC); LOCAL CALL NUMBER (RLIN) | |
| Classification number (OCLC) (R) ; Classification number, CALL (RLIN) (NR) | RK527 |
| Local cutter number (OCLC) ; Book number/undivided call number, CALL (RLIN) | McL |
| 003 - CONTROL NUMBER IDENTIFIER | |
| control field | |
| 005 - DATE AND TIME OF LATEST TRANSACTION | |
| control field | 20230120204031.0 |
| 040 ## - CATALOGING SOURCE | |
| Transcribing agency | NUST |
| 100 1# - MAIN ENTRY--PERSONAL NAME | |
| Personal name | McLaughlin, Richard P. |
| 245 10 - TITLE STATEMENT | |
| Title | Systemized orthodontic treatment mechanics / |
| Statement of responsibility, etc. | Richard P. McLaughlin, John C. Bennett and Hugo J. Trevisi. |
| 260 ## - PUBLICATION, DISTRIBUTION, ETC. | |
| Place of publication, distribution, etc. | Edinburgh : |
| Name of publisher, distributor, etc. | Mosby, |
| Date of publication, distribution, etc. | 2001. |
| 300 ## - PHYSICAL DESCRIPTION | |
| Extent | 324 p. : |
| Other physical details | ill. (some col.) ; |
| Dimensions | 28 cm. |
| 650 #0 - SUBJECT ADDED ENTRY--TOPICAL TERM | |
| Topical term or geographic name entry element | Orthodontic appliances. |
| 700 1# - ADDED ENTRY--PERSONAL NAME | |
| Personal name | Bennett, John C. |
| 700 1# - ADDED ENTRY--PERSONAL NAME | |
| Personal name | Trevisi, Hugo. |
| 907 ## - LOCAL DATA ELEMENT G, LDG (RLIN) | |
| a | .b10285787 |
| b | 11-07-11 |
| c | 01-11-10 |
| 942 ## - ADDED ENTRY ELEMENTS (KOHA) | |
| Koha item type | Ordinary Loan Books |
| Call number prefix | RK527 |
| Call number suffix | McL |
| Date last seen | Total Checkouts | Full call number | Barcode | Cost, replacement price | Price effective from | Koha item type | Lost status | Source of classification or shelving scheme | Damaged status | Not for loan | Collection | Withdrawn status | Home library | Current library | Shelving location | Date acquired | Cost, normal purchase price |
|---|---|---|---|---|---|---|---|---|---|---|---|---|---|---|---|---|---|
| 01/20/2023 | RK527 MCL | 92004014924 | 80.00 | 01/20/2023 | BOOKS | LCC | NFIC | Medical | Medical | GEN | 01/20/2023 | 80.00 |